| 000 | 00470pab a2200169 454500 | ||
|---|---|---|---|
| 008 | 180718b2005 xxu||||| |||| 00| 0 eng d | ||
| 100 | _aSharma, Nishi | ||
| 245 | _aAgricultural labourers' knowledge and opinion about the welfare schemes and their conditions | ||
| 260 | _c2005 | ||
| 300 | _ap.99-116. | ||
| 362 | _aJun | ||
| 650 | _aAgricultural labour | ||
| 700 | _aJhamtani, Anita | ||
| 700 | _aSingh, Umed | ||
| 773 | _aLabour and Development | ||
| 909 | _a68796 | ||
| 999 |
_c68796 _d68796 |
||